Универсальная десятичная классификация : (Record no. 465603)
[ view plain ]
| 000 -LEADER | |
|---|---|
| fixed length control field | 01089nam a2200229 a 4500 |
| 001 - CONTROL NUMBER | |
| control field | 000982092 |
| 003 - CONTROL NUMBER IDENTIFIER | |
| control field | AM-YeHGA |
| 005 - DATE AND TIME OF LATEST TRANSACTION | |
| control field | 20250617161114.0 |
| 008 - FIXED-LENGTH DATA ELEMENTS--GENERAL INFORMATION | |
| fixed length control field | 130918s1965 ru r 000 0 rus d |
| 040 ## - CATALOGING SOURCE | |
| Original cataloging agency | AM-YeHGA |
| 041 0# - LANGUAGE CODE | |
| Language code of text/sound track or separate title | rus |
| 090 ## - LOCALLY ASSIGNED LC-TYPE CALL NUMBER (OCLC); LOCAL CALL NUMBER (RLIN) | |
| -- | 468802 |
| 245 00 - TITLE STATEMENT | |
| Title | Универсальная десятичная классификация : |
| Remainder of title | Сокращенные таблицы / |
| Statement of responsibility, etc. | Подгот.: Г.А. Джимиева и др. |
| 260 ## - PUBLICATION, DISTRIBUTION, ETC. | |
| Place of publication, distribution, etc. | Москвa : |
| Name of publisher, distributor, etc. | Дом техники, |
| Date of publication, distribution, etc. | 1965. |
| 300 ## - PHYSICAL DESCRIPTION | |
| Extent | Часть ; |
| Dimensions | 29 см. |
| 505 10 - FORMATTED CONTENTS NOTE | |
| Miscellaneous information | Ч. 1 (1965, 138 с.) : |
| Title | Естественные и технические науки |
| 650 14 - SUBJECT ADDED ENTRY--TOPICAL TERM | |
| Topical term or geographic name entry element | Библиотечное дело |
| General subdivision | Организация и развитие библиотечного дела |
| 650 14 - SUBJECT ADDED ENTRY--TOPICAL TERM | |
| Topical term or geographic name entry element | Работа библиотек |
| General subdivision | Классификация |
| 650 14 - SUBJECT ADDED ENTRY--TOPICAL TERM | |
| Topical term or geographic name entry element | Естественные и технические науки |
| 653 0# - INDEX TERM--UNCONTROLLED | |
| Uncontrolled term | Универсальная десятичная классификация - Таблицы |
| 700 1# - ADDED ENTRY--PERSONAL NAME | |
| Personal name | Джимиева, Г.А. |
| Relator term | подгот. |
| Relationship | com |
| Withdrawn status | Lost status | Damaged status | Not for loan | Collection | Home library | Current library | Date acquired | Serial enumeration / chronology | Total checkouts | Full call number | Barcode | Date last seen | Price effective from | Koha item type | Public note |
|---|---|---|---|---|---|---|---|---|---|---|---|---|---|---|---|
| General | Fundamental Scientific Library | Fundamental Scientific Library | 19/02/2018 | Ч. 1 | PIII/18185 | FL0481536 | 19/02/2018 | 19/02/2018 | Գրքեր / Books | 30 Days Loan |
ՀՀ Գիտությունների ազգային ակադեմիայի հիմնարար գիտական գրադարան = Fundamental Scientific Library of NAS RA
All site content, except where otherwise noted, is licensed under a